The nature of a house : Building a word that works
The Nature of a House is a candid, charming, and illuminating book. Woodwell tells a story that will interest anyone who has ever thought about doing a 'green' rehab, has tried to build green, or just wonders what is actually possible.
Gorde:
| Egile nagusia: | |
|---|---|
| Formatua: | Liburua |
| Hizkuntza: | Undetermined |
| Argitaratua: |
Washington
Island Press
2009
|
| Gaiak: | |
| Etiketak: |
Etiketa erantsi
Etiketarik gabe, Izan zaitez lehena erregistro honi etiketa jartzen!
|
| Thư viện lưu trữ: | Trung tâm Học liệu Trường Đại học Cần Thơ |
|---|
| LEADER | 00842nam a2200217Ia 4500 | ||
|---|---|---|---|
| 001 | CTU_209816 | ||
| 008 | 210402s9999 xx 000 0 und d | ||
| 020 | |c 36 | ||
| 082 | |a 720.47 | ||
| 082 | |b W873 | ||
| 100 | |a Woodwell, George M. | ||
| 245 | 4 | |a The nature of a house : | |
| 245 | 0 | |b Building a word that works | |
| 245 | 0 | |c George M. Woodwell | |
| 260 | |a Washington | ||
| 260 | |b Island Press | ||
| 260 | |c 2009 | ||
| 520 | |a The Nature of a House is a candid, charming, and illuminating book. Woodwell tells a story that will interest anyone who has ever thought about doing a 'green' rehab, has tried to build green, or just wonders what is actually possible. | ||
| 650 | |a Ecological houses,Nhà sinh thái | ||
| 904 | |i Trần Thị Hồng Ngọc (Tuyến) | ||
| 980 | |a Trung tâm Học liệu Trường Đại học Cần Thơ | ||